Mäzene als Akteure im historischen Feld und literarisches Textkonzept

Titel: Mäzene als Akteure im historischen Feld und literarisches Textkonzept : Kiel, 1.-3. März 2016 / Margit Dahm-Kruse
Verfasser:
In: Akademie der Wissenschaften in Göttingen. Residenzen-Kommission: Mitteilungen der Residenzen-Kommission der Akademie der Wissenschaften zu Göttingen, Band 5 (2016), Seite 135-141
alle Artikel anzeigen
Veröffentlicht: 2016
Format: Aufsatz
Sprache: Deutsch
Schlagworte:
Kein Bild verfügbar
X
alg: 46971630
001A    $03025:22-09-20 
001B    $01999:22-09-20 $t22:36:11.000 
001D    $03025:22-09-20 
001U    $0utf8 
001X    $00 
002@    $0Oou 
002C    $aText $btxt $2rdacontent 
002D    $aComputermedien $bc $2rdamedia 
002E    $aOnline-Ressource $bcr $2rdacarrier 
003@    $0469716304 
007A    $0469716304 $aHEB 
009Q    $uhttp://hdl.handle.net/11858/00-001S-0000-002C-DBB1-3 $xH 
010@    $ager 
010E    $erda 
011@    $a2016 
013D    $RDarstellungsart $#Report writing $#Rédaction de rapports, notes et comptes rendus $#Berichtswesen $#Bericht $#Jahresbericht Formschlagwort $#Berichtswesen $#Tätigkeitsbericht Formschlagwort $#Berichte $74128022-2 $8Bericht [Ts1] $9085442577 
021A    $aMäzene als Akteure im historischen Feld und literarisches Textkonzept $dKiel, 1.-3. März 2016 $hMargit Dahm-Kruse 
028A    $BVerfasser $#Kruse, Margit Dahm- $#Dahm, Margit $#Kruse, Margit $4aut $71151338230 $8Dahm-Kruse, Margit$Z1979- [Tp3] $9425191621 
031A    $d5 $h135-141 $j2016 
037A    $aDer Tagungsbericht erscheint auch in der "Zeitschrift für deutsche Philologie" 135 (2016) 
039B    $aEnthalten in $8--Obvc--Akademie der Wissenschaften in Göttingen$bResidenzen-Kommission [Tb1]. Mitteilungen der Residenzen-Kommission der Akademie der Wissenschaften zu Göttingen. - Kiel : Arbeitsstelle, 1991-. - Online-Ressource $x201600000050000865 $9120817659 
044K    $RMäzen $RSponsoring $#Art patronage $#Mécénat $#Mecenazgo $#Philanthropie $#Sponsoring $#Private Kunstförderung $#Private Kulturförderung $#Munifizenz $74074442-5 $8Mäzenatentum [Ts1] $9085209635 
044K    $RBuch $RSchriftsteller $#Literature $#Littérature $#Letteratura $#Literatura $#literature $#Literature $#Literatur $#Literatur $#Belletristik $#Dichtung Literatur $#Schöne Literatur $#Sprachkunst $#Wortkunst $74035964-5 $8Literatur [Tsz] $9085097128 
044K    $RKongress $#Tagungsbericht $#Kongressschrift $74196709-4 $8Kongressbericht [Ts1] $9085988111 
045F    $a809 $eDDC23BSB 
045F/01 $a809 
045F/03 $f0902 
045R    $aGeschichte 1100-1500 
045R/01 $aGeschichte 2016 

lok: 46971630 78

exp: 46971630 78 1 #EPN
201B/01 $022-09-20 $t08:23:28.000 
201C/01 $022-09-20 
201U/01 $0utf8 
203@/01 $01123624844 
208@/01 $a22-09-20 $be 
209A/01 $a/ $f000 $x00 
209A/01 $ab*p $x01 
209A/01 $aBetr. auch die Hochmeister Luder von Braunschweig (1331-1335) und Dietrich von Altenburg (1335-1341) $x03 
220C/01 $apgar 
244Z/01 $#Preußen $#Preußen $#Brandenburg-Preußen $#Königreich Preußen $#Preußische Staaten $#Preußischer Staat $#Der @Preußische Staat $#Königlich Preußische Staaten $#Prusy Królewskie $#Königlich Preußen $#Prussia $74047194-9 $8--Tg1--Preußen $x01 $9085131652 
247C/01 $82080>Marburg/Lahn, Herder-Institut, Forschungsbibliothek, Bibliographieportal $9336309341
LEADER 00000caa a2200000 c 4500
001 469716304
003 DE-603
005 20200922223611.0
007 cr||||||||||||
008 200922s2016 xx |||| o| u00||u|ger c
035 |a (DE-599)HEB469716304 
040 |a DE-603  |b ger  |c DE-603  |d DE-603  |e rda 
041 |a ger 
082 0 4 |8 1\u  |a 809  |q DE-101  |2 23/BSB 
085 |8 1\u  |b 809 
085 |8 1\u  |z 1  |s 0902 
100 1 |a Dahm-Kruse, Margit  |d 1979-  |e Verfasser  |4 aut  |0 (DE-603)425191621  |0 (DE-588)1151338230  |2 gnd 
245 0 0 |a Mäzene als Akteure im historischen Feld und literarisches Textkonzept  |b Kiel, 1.-3. März 2016  |c Margit Dahm-Kruse 
264 0 |c 2016 
336 |a Text  |b txt  |2 rdacontent 
337 |a Computermedien  |b c  |2 rdamedia 
338 |a Online-Ressource  |b cr  |2 rdacarrier 
500 |a Der Tagungsbericht erscheint auch in der "Zeitschrift für deutsche Philologie" 135 (2016) 
648 7 |a Geschichte 1100-1500  |2 gnd 
648 7 |a Geschichte 2016  |2 gnd 
650 7 |a Mäzenatentum  |0 (DE-588)4074442-5  |0 (DE-603)085209635  |2 gnd 
650 7 |a Literatur  |0 (DE-588)4035964-5  |0 (DE-603)085097128  |2 gnd 
650 7 |a Kongressbericht  |0 (DE-588)4196709-4  |0 (DE-603)085988111  |2 gnd 
655 7 |a Bericht  |2 gnd-content  |0 (DE-588)4128022-2  |0 (DE-603)085442577 
773 0 8 |i Enthalten in  |a Akademie der Wissenschaften in Göttingen. Residenzen-Kommission  |t Mitteilungen der Residenzen-Kommission der Akademie der Wissenschaften zu Göttingen  |d Kiel : Arbeitsstelle, 1991-  |h Online-Ressource  |g Band 5 (2016), Seite 135-141  |w (DE-603)120817659  |w (DE-600)2143791-9 
856 |u http://hdl.handle.net/11858/00-001S-0000-002C-DBB1-3  |x Verlag 
924 1 |9 2080  |a (DE-603)1123624844  |b DE-2080  |c HES  |d d  |g /